On models vith land and a continuum of consumers
Salvato in:
| Autore principale: | |
|---|---|
| Natura: | Libro |
| Lingua: | inglese |
| Pubblicazione: |
Rochester
University
1983
|
| Serie: | Discussion Paper
83-2 |
| Tags: |
Nessun Tag, puoi essere il primo ad aggiungerne!!
|
MARC
| LEADER | 00000nam a2200000 4500 | ||
|---|---|---|---|
| 001 | c113578 | ||
| 005 | 20181203150322.5 | ||
| 041 | 0 | |a eng | |
| 044 | |a US | ||
| 245 | 1 | 0 | |a On models vith land and a continuum of consumers |c Marcus C. Berliant |
| 264 | 1 | |a Rochester |b University |c 1983 | |
| 300 | |a 11 s. | ||
| 490 | 1 | |a Discussion Paper |v 83-2 | |
| 830 | 0 | |a Discussion Paper |v 83-2 | |
| 100 | 1 | |a Berliant, Marcus C. | |